Basic programming self-taught / (Record no. 10308)

MARC details
000 -LEADER
fixed length control field 00551nam a2200169 a 4500
020 ## - INTERNATIONAL STANDARD BOOK NUMBER
ISBN 0835904326 (paperback)
020 ## - INTERNATIONAL STANDARD BOOK NUMBER
ISBN 9780835904322 (paperback)
100 1# - MAIN ENTRY--AUTHOR NAME
Personal name Hirsch, Seymour.
245 10 - TITLE STATEMENT
Title Basic programming self-taught /
260 ## - PUBLICATION, DISTRIBUTION, ETC. (IMPRINT)
Place of publication [S.l.] :
Name of publisher Brady,
Year of publication 1980.
300 ## - PHYSICAL DESCRIPTION
Number of Pages 256 p. ;
520 ## - SUMMARY, ETC.
Summary, etc Book by Hirsch, Seymour.
856 40 - ELECTRONIC LOCATION AND ACCESS
Uniform Resource Identifier http://www.amazon.com/exec/obidos/ASIN/0835904326/chopaconline-20
Holdings
Withdrawn status Lost status Home library Current library Date acquired Cost, normal purchase price Full call number Accession Number Koha item type
    Central Library, QUEST, Nawabshah Central Library, QUEST, Nawabshah 23/09/2014 37.70 HIR 15353 Books